[Event "Araraquara op 2nd"]
[Site "Araraquara"]
[Date "2024.02.10"]
[Round "2"]
[White "De Almeida, Guilherme Pereira"]
[Black "Oliveira, Tiago Batista"]
[Result "1-0"]
[WhiteElo "1737"]
[BlackElo "1982"]
[PlyCount "61"]
[EventDate "2024.02.10"]
[EventType "swiss"]
[EventRounds "7"]
[EventCountry "BRA"]
[SourceTitle "CB09_2024"]
[SourceDate "2024.02.28"]
[SourceVersion "1"]
[SourceVersionDate "2024.02.28"]
[SourceQuality "1"]

1. Nf3 Nf6 2. d3 e6 3. e4 d5 4. Nbd2 Be7 5. g3 c5 6. Bg2 Nc6 7. 0-0 0-0 8. e5 Nd7 9. Re1 Qc7 10. Qe2 b5 11. Nf1 Bb7 12. Bf4 Rae8 13. h4 Qb6 14. N1h2 f6 15. exf6 Bxf6 16. c3 e5 17. Bg5 h6 18. Bxf6 Nxf6 19. Nd2 e4 20. dxe4 dxe4 21. Nxe4 Nxe4 22. Bxe4 Nd4 23. Qg4 Qf6 24. f3 Bxe4 25. Rxe4 Nc2 26. Rc1 Qd6 27. Nf1 Qd3 28. Re6 Rxe6 29. Qxe6+ Kh8 30. Qe4 c4 31. Rxc2 1-0

[Event "Florianopolis op 10th"]
[Site "Florianopolis"]
[Date "2024.01.22"]
[Round "3"]
[White "De Almeida, Guilherme Pereira"]
[Black "Kayser, Gustavo Warmling"]
[Result "0-1"]
[WhiteElo "1731"]
[BlackElo "2029"]
[PlyCount "52"]
[EventDate "2024.01.20"]
[EventType "swiss"]
[EventRounds "10"]
[EventCountry "BRA"]
[SourceTitle "CB05_2024"]
[SourceDate "2024.01.31"]
[SourceVersion "1"]
[SourceVersionDate "2024.01.31"]
[SourceQuality "1"]

1. e4 c5 2. Nf3 Nc6 3. b4 cxb4 4. d4 d5 5. exd5 Qxd5 6. c4 bxc3 7. Nxc3 Qa5 8. Rb1 e6 9. Bd2 Nf6 10. Bb5 Bb4 11. Qb3 Bxc3 12. Bxc3 Qc7 13. 0-0 0-0 14. Rfc1 Bd7 15. Bd3 Rab8 16. Bd2 Qd6 17. Be3 Rfc8 18. a3 h6 19. g3 Nd5 20. Bd2 b5 21. Rc5 b4 22. axb4 Ncxb4 23. Rxc8+ Bxc8 24. Qc4 Ba6 25. Qc5 Qxc5 26. dxc5 Bxd3 0-1

[Event "Araraquara op"]
[Site "Araraquara"]
[Date "2023.02.20"]
[Round "4.33"]
[White "De Almeida, Guilherme Pereira"]
[Black "Marcal, David Hakak"]
[Result "1-0"]
[WhiteElo "1790"]
[BlackElo "1285"]
[PlyCount "45"]
[EventDate "2023.02.19"]
[EventType "swiss"]
[EventRounds "6"]
[EventCountry "BRA"]
[SourceTitle "CBM 213 Extra"]
[Source "ChessBase"]
[SourceDate "2023.05.31"]
[SourceVersion "1"]
[SourceVersionDate "2023.05.31"]
[SourceQuality "1"]

1. d4 Nf6 2. Nc3 d5 3. Bg5 e6 4. e4 dxe4 5. Nxe4 Be7 6. Bxf6 Bxf6 7. Nf3 0-0 8. Bd3 Nd7 9. c3 b6 10. Qc2 h6 11. h4 Bb7 12. Neg5 c5 13. Ba6 hxg5 14. hxg5 g6 15. Bxb7 Bg7 16. Bxa8 Qxa8 17. dxc5 Rb8 18. cxb6 Nxb6 19. 0-0 Nc4 20. b3 Na3 21. Qd2 Nb5 22. Rac1 Rc8 23. c4 1-0

[Event "Araraquara op"]
[Site "Araraquara"]
[Date "2023.02.20"]
[Round "3.33"]
[White "Lelis, Lucas Porto"]
[Black "De Almeida, Guilherme Pereira"]
[Result "1-0"]
[WhiteElo "1800"]
[BlackElo "1790"]
[PlyCount "80"]
[EventDate "2023.02.19"]
[EventType "swiss"]
[EventRounds "6"]
[EventCountry "BRA"]
[SourceTitle "CBM 213 Extra"]
[Source "ChessBase"]
[SourceDate "2023.05.31"]
[SourceVersion "1"]
[SourceVersionDate "2023.05.31"]
[SourceQuality "1"]

1. e4 d6 2. d4 Nf6 3. Nc3 e5 4. dxe5 dxe5 5. Qxd8+ Kxd8 6. Nf3 Bd6 7. Bc4 Ke7 8. Bg5 c6 9. a4 Be6 10. Bxe6 Kxe6 11. 0-0 Nbd7 12. Be3 Bc5 13. Ng5+ Ke7 14. Bxc5+ Nxc5 15. b4 Ne6 16. Nxe6 Kxe6 17. Rfd1 Rhd8 18. f3 b6 19. g3 h5 20. Kg2 Ne8 21. f4 Nd6 22. Rd3 a6 23. Rad1 Nb7 24. f5+ Kf6 25. Rd7 Rxd7 26. Rxd7 Nd8 27. h4 g6 28. fxg6 Kxg6 29. Rd6+ f6 30. g4 hxg4 31. Kg3 Rc8 32. Kxg4 Nf7 33. h5+ Kg7 34. Rd7 Rd8 35. Rxd8 Nxd8 36. b5 axb5 37. axb5 cxb5 38. Nxb5 Nc6 39. Kf5 Kh6 40. Kxf6 Kxh5 1-0

[Event "Hebraica op 30th"]
[Site "Hebraica"]
[Date "2023.02.12"]
[Round "6"]
[White "De Almeida, Guilherme Pereira"]
[Black "Fernandes, Beatriz"]
[Result "0-1"]
[WhiteElo "1790"]
[BlackElo "1404"]
[PlyCount "80"]
[EventDate "2023.02.10"]
[EventType "swiss"]
[EventRounds "7"]
[EventCountry "BRA"]
[SourceTitle "CBM 212 Extra"]
[Source "ChessBase"]
[SourceDate "2023.03.31"]
[SourceVersion "1"]
[SourceVersionDate "2023.03.31"]
[SourceQuality "1"]

1. Nf3 Nf6 2. d3 g6 3. g3 Bg7 4. Bg2 c6 5. c3 d6 6. 0-0 e5 7. a4 0-0 8. a5 Be6 9. Ng5 Qd7 10. Nxe6 Qxe6 11. Nd2 Na6 12. b4 Nc7 13. e4 d5 14. Qc2 Nb5 15. Nb3 b6 16. Bb2 dxe4 17. dxe4 Nd6 18. Nd2 Rfd8 19. c4 Bh6 20. f4 exf4 21. gxf4 Nh5 22. f5 gxf5 23. e5 Bxd2 24. Qxd2 Nxc4 25. Qg5+ Qg6 26. Qxg6+ hxg6 27. Bc3 Ne3 28. Bxc6 Rac8 29. Rf3 Rxc6 30. Rxe3 Nf4 31. axb6 axb6 32. Bb2 Rd3 33. e6 fxe6 34. Ra8+ Kf7 35. Re1 Nh3+ 36. Kh1 Rcd6 37. Be5 Rd7 38. Kg2 Ng5 39. Rb8 Rd2+ 40. Kg3 R2d3+ 0-1

[Event "Hebraica op 30th"]
[Site "Hebraica"]
[Date "2023.02.11"]
[Round "3"]
[White "De Almeida, Guilherme Pereira"]
[Black "De Almeida, Jose Fernando Antun"]
[Result "1-0"]
[WhiteElo "1790"]
[BlackElo "1313"]
[PlyCount "49"]
[EventDate "2023.02.10"]
[EventType "swiss"]
[EventRounds "7"]
[EventCountry "BRA"]
[SourceTitle "CBM 212 Extra"]
[Source "ChessBase"]
[SourceDate "2023.03.31"]
[SourceVersion "1"]
[SourceVersionDate "2023.03.31"]
[SourceQuality "1"]

1. d4 Nf6 2. Nc3 d5 3. Bg5 e6 4. e4 Bb4 5. e5 h6 6. Bd2 Bxc3 7. Bxc3 Ne4 8. Qg4 0-0 9. Ne2 b6 10. Ng3 Qg5 11. Qf3 Nxg3 12. hxg3 Nd7 13. Bd3 f5 14. Bd2 Qg6 15. g4 Qxg4 16. Qxg4 fxg4 17. Be2 c5 18. Bxg4 Re8 19. c3 a5 20. Rh3 b5 21. 0-0-0 cxd4 22. cxd4 Ba6 23. Rdh1 b4 24. Bxh6 gxh6 25. Rxh6 1-0

[Event "Hebraica op 30th"]
[Site "Hebraica"]
[Date "2023.02.11"]
[Round "5"]
[White "De Almeida, Guilherme Pereira"]
[Black "Roberto Gil, Renan"]
[Result "0-1"]
[WhiteElo "1790"]
[BlackElo "1607"]
[PlyCount "80"]
[EventDate "2023.02.10"]
[EventType "swiss"]
[EventRounds "7"]
[EventCountry "BRA"]
[SourceTitle "CBM 212 Extra"]
[Source "ChessBase"]
[SourceDate "2023.03.31"]
[SourceVersion "1"]
[SourceVersionDate "2023.03.31"]
[SourceQuality "1"]

1. d4 Nf6 2. Nc3 d5 3. Bg5 c6 4. Bxf6 exf6 5. e4 Bb4 6. exd5 Bxc3+ 7. bxc3 Qxd5 8. Nf3 0-0 9. Be2 b5 10. 0-0 Bg4 11. a4 Nd7 12. axb5 cxb5 13. Ra5 a6 14. c4 Qc6 15. h3 Qc7 16. Qd2 bxc4 17. Rfa1 c3 18. Qd1 Bxf3 19. Bxf3 Ra7 20. Qd3 Rd8 21. Qf5 g6 22. Qe4 Qc4 23. Qe7 Rf8 24. R1a4 Qc8 25. Qa3 Nb6 26. Rc5 Qe6 27. Rxa6 Nc4 28. Rxc4 Rxa6 29. Qxc3 Qd6 30. Rc6 Rxc6 31. Qxc6 Qxd4 32. c4 Qe5 33. g3 Qe6 34. Bg2 Rc8 35. Qd5 Rxc4 36. Qd8+ Kg7 37. Bd5 Rc1+ 38. Kg2 Qe1 39. g4 Rd1 40. Qa8 Qh1+ 0-1

[Event "Catanduva op"]
[Site "Catanduva"]
[Date "2020.03.14"]
[Round "4"]
[White "De Almeida, Guilherme Pereira"]
[Black "Cordon Silva, Fabio Henrique"]
[Result "1/2-1/2"]
[WhiteElo "1814"]
[BlackElo "1896"]
[PlyCount "21"]
[EventDate "2020.03.13"]
[EventType "swiss"]
[EventRounds "6"]
[EventCountry "BRA"]
[SourceTitle "CBM 195 Extra"]
[Source "ChessBase"]
[SourceDate "2020.05.31"]
[SourceVersion "1"]
[SourceVersionDate "2020.05.31"]
[SourceQuality "1"]

1. Nf3 Nf6 2. g3 g6 3. Bg2 Bg7 4. d3 d5 5. c3 c5 6. Qa4+ Nc6 7. Qh4 Bg4 8. Bg5 Bxf3 9. Bxf3 Qd6 10. Nd2 Rc8 11. e4 1/2-1/2

[Event "BRA-ch Amateur U2000"]
[Site "Sao Paulo"]
[Date "2019.06.22"]
[Round "5"]
[White "De Almeida, Guilherme Pereira"]
[Black "Rodrigues, Nei Jorge"]
[Result "1-0"]
[WhiteElo "1821"]
[BlackElo "1919"]
[PlyCount "115"]
[EventDate "2019.06.20"]
[EventType "swiss"]
[EventRounds "7"]
[EventCountry "BRA"]
[SourceTitle "EXT 2020"]
[Source "ChessBase"]
[SourceDate "2019.10.17"]
[SourceVersion "1"]
[SourceVersionDate "2019.10.17"]
[SourceQuality "1"]

1. Nf3 d5 2. d3 c5 3. e4 Bg4 4. c3 dxe4 5. dxe4 Qxd1+ 6. Kxd1 Nc6 7. Be3 e6 8. Nbd2 Nf6 9. Kc2 Be7 10. Bb5 Nd7 11. Bxc6 bxc6 12. Nc4 f6 13. Nfd2 e5 14. f3 Be6 15. Na5 Rc8 16. Rhd1 Kd8 17. Ndc4 Kc7 18. Bg1 Nb6 19. Ne3 g6 20. Nb3 h5 21. h3 Rhg8 22. Nd2 f5 23. b3 f4 24. Nef1 Rce8 25. a4 a5 26. Nb1 g5 27. Nfd2 g4 28. hxg4 hxg4 29. Na3 gxf3 30. gxf3 Rg2 31. Rac1 Rd8 32. Nab1 Rb8 33. Rf1 c4 34. Bxb6+ Rxb6 35. bxc4 Bxc4 36. Rg1 Rf2 37. Kd1 Rb2 38. Nxc4 Ra2 39. Nbd2 Rxa4 40. Nxe5 Ra2 41. Nec4 Bc5 42. Rg7+ Kd8 43. Rb1 Kc8 44. Rb2 Ra1+ 45. Kc2 a4 46. Kd3 a3 47. Rc2 Rh2 48. Nb3 Rd1+ 49. Rd2 Rdxd2+ 50. Ncxd2 a2 51. Rg8+ Kc7 52. Ra8 Be3 53. Rxa2 Rh5 54. Nc4 Bg1 55. e5 Rh8 56. Ke4 Rf8 57. Nd4 c5 58. Ra7+ 1-0

[Event "BRA-ch Amateur U2000"]
[Site "Sao Paulo"]
[Date "2019.06.21"]
[Round "3"]
[White "De Almeida, Guilherme Pereira"]
[Black "Correa, Jose Augusto"]
[Result "0-1"]
[WhiteElo "1821"]
[BlackElo "1899"]
[PlyCount "60"]
[EventDate "2019.06.20"]
[EventType "swiss"]
[EventRounds "7"]
[EventCountry "BRA"]
[SourceTitle "EXT 2020"]
[Source "ChessBase"]
[SourceDate "2019.10.17"]
[SourceVersion "1"]
[SourceVersionDate "2019.10.17"]
[SourceQuality "1"]

1. Nf3 c5 2. b3 Nf6 3. Bb2 Nc6 4. g3 g6 5. Bg2 Bg7 6. 0-0 0-0 7. d3 d5 8. Nbd2 Re8 9. c4 d4 10. a3 e5 11. Ng5 Bf5 12. Nge4 Qe7 13. Nxf6+ Bxf6 14. Ne4 Rac8 15. Nxf6+ Qxf6 16. Qd2 e4 17. b4 exd3 18. exd3 Ne5 19. bxc5 Nxd3 20. Rad1 Nxb2 21. Qxb2 Rxc5 22. Qxd4 Qxd4 23. Rxd4 Re7 24. Rd8+ Kg7 25. Bd5 b6 26. Rd1 Bc2 27. Rc1 Ba4 28. Rb1 Rd7 29. Rxd7 Bxd7 30. Rd1 Kf6 0-1

[Event "BRA-ch Amateur U2000"]
[Site "Sao Paulo"]
[Date "2019.06.20"]
[Round "2"]
[White "Soares, Paulo Henrique Dos"]
[Black "De Almeida, Guilherme Pereira"]
[Result "1/2-1/2"]
[WhiteElo "1925"]
[BlackElo "1821"]
[PlyCount "60"]
[EventDate "2019.06.20"]
[EventType "swiss"]
[EventRounds "7"]
[EventCountry "BRA"]
[SourceTitle "EXT 2020"]
[Source "ChessBase"]
[SourceDate "2019.10.17"]
[SourceVersion "1"]
[SourceVersionDate "2019.10.17"]
[SourceQuality "1"]

1. Nc3 d6 2. e4 Nf6 3. d4 e5 4. dxe5 dxe5 5. Qxd8+ Kxd8 6. Nf3 Bd6 7. Bg5 Be6 8. 0-0-0 Nbd7 9. Nb5 Ke7 10. Nxd6 cxd6 11. Nd2 Rhc8 12. b3 Nb6 13. a4 a5 14. f4 Kf8 15. f5 Bd7 16. Be3 Rc6 17. Bb5 Nc8 18. Bxc6 Bxc6 19. Rhe1 Nxe4 20. Nc4 f6 21. Rd3 d5 22. Nd2 Ncd6 23. Nxe4 Nxe4 24. g4 Kf7 25. h4 h6 26. Bb6 Ra6 27. Bg1 Ra8 28. Bh2 Rc8 29. Rde3 Nd6 30. g5 Nxf5 1/2-1/2

[Event "Vale Paraibano-ch"]
[Site "Taubate"]
[Date "2019.05.04"]
[Round "3"]
[White "Ataide, Gerson Britto"]
[Black "De Almeida, Guilherme Pereira"]
[Result "0-1"]
[WhiteElo "1401"]
[BlackElo "1831"]
[PlyCount "110"]
[EventDate "2019.05.04"]
[EventType "swiss"]
[EventRounds "5"]
[EventCountry "BRA"]
[SourceTitle "CBM 190 Extra"]
[Source "ChessBase"]
[SourceDate "2019.07.15"]
[SourceVersion "1"]
[SourceVersionDate "2019.07.15"]
[SourceQuality "1"]

1. d4 d6 2. c4 e5 3. e4 Nf6 4. Nc3 c6 5. Bg5 Nbd7 6. Nf3 Be7 7. Be2 0-0 8. 0-0 Re8 9. Re1 Bf8 10. dxe5 dxe5 11. Qc2 Qc7 12. Rad1 Be7 13. Bf1 Nf8 14. h3 Ng6 15. Ne2 Be6 16. Ng3 Nd7 17. Bc1 f6 18. a3 a5 19. Be3 a4 20. Nf5 Nc5 21. Bxc5 Bxc5 22. Rd2 Nf4 23. g3 Nh5 24. Ne3 Qf7 25. Kh2 g6 26. Ng4 Bxg4 27. hxg4 Ng7 28. Red1 Ne6 29. Rd7 Re7 30. Rxe7 Qxe7 31. Kg2 Bd4 32. Ne1 Nc5 33. Bd3 Nb3 34. Nf3 g5 35. Nd2 Nc5 36. Nb1 Ne6 37. Nc3 Bxc3 38. Qxc3 Nd4 39. c5 Kg7 40. Rc1 Ne6 41. Bb1 Nd4 42. Bd3 Qd7 43. Rd1 Qxg4 44. Bc2 h5 45. f3 Qd7 46. Qb4 h4 47. gxh4 Rh8 48. Qxa4 Rxh4 49. Rh1 Rxh1 50. Kxh1 Qh3+ 51. Kg1 Qg3+ 52. Kf1 Qxf3+ 53. Kg1 Ne2+ 54. Kh2 Qg3+ 55. Kh1 Qg1# 0-1

[Event "Brazil Foz do Iguacu op"]
[Site "Foz do Iguacu"]
[Date "2018.05.20"]
[Round "9"]
[White "Sirahata Hasegava, Flavia"]
[Black "De Almeida, Guilherme Pereira"]
[Result "0-1"]
[WhiteElo "1484"]
[BlackElo "1875"]
[PlyCount "124"]
[EventDate "2018.05.16"]
[EventType "swiss"]
[EventRounds "9"]
[EventCountry "BRA"]
[SourceTitle "EXT 2019"]
[Source "ChessBase"]
[SourceDate "2018.10.10"]
[SourceVersion "1"]
[SourceVersionDate "2018.10.10"]
[SourceQuality "1"]

1. e4 d6 2. d4 Nf6 3. Nc3 e5 4. Nf3 Nbd7 5. g3 Be7 6. Bg2 0-0 7. 0-0 c6 8. Re1 Qc7 9. a4 b6 10. h3 Bb7 11. Nh4 Rfe8 12. Nf5 Bf8 13. g4 Kh8 14. d5 cxd5 15. Nxd5 Nxd5 16. exd5 Nf6 17. b3 Ng8 18. Bb2 Ne7 19. Nxe7 Bxe7 20. Qd2 Bh4 21. Re2 Rf8 22. Be4 Bc8 23. Bf5 Bxf5 24. gxf5 f6 25. Qb4 Bg5 26. h4 Bh6 27. h5 Qf7 28. Qg4 Qxd5 29. Bc1 Qd1+ 30. Kg2 Bxc1 31. Qe4 d5 32. Qg4 Rac8 33. c4 dxc4 34. Qe4 Rcd8 35. Re1 Qxh5 36. Raxc1 Rd4 37. Qe3 Rg4+ 38. Kf1 Rh4 39. Qg3 Rh1+ 40. Kg2 Rxe1 41. Rxe1 cxb3 42. Qxb3 Qg4+ 43. Kf1 Rc8 44. Qa3 Qc4+ 45. Kg1 Qc3 46. Qxc3 Rxc3 47. Rd1 h5 48. Rd7 a5 49. Rb7 Rc4 50. Rxb6 Rxa4 51. Kg2 Kh7 52. f3 Kh6 53. Ra6 Ra1 54. Ra8 a4 55. Rh8+ Kg5 56. Rh7 g6 57. fxg6 Kxg6 58. Ra7 a3 59. Ra8 a2 60. Ra6 Kg5 61. Ra4 f5 62. Kf2 Rh1 0-1

[Event "Brazil Foz do Iguacu op"]
[Site "Foz do Iguacu"]
[Date "2018.05.19"]
[Round "7"]
[White "Bergo, Felipe Paulo Guazzi"]
[Black "De Almeida, Guilherme Pereira"]
[Result "1-0"]
[WhiteElo "1560"]
[BlackElo "1875"]
[PlyCount "112"]
[EventDate "2018.05.16"]
[EventType "swiss"]
[EventRounds "9"]
[EventCountry "BRA"]
[SourceTitle "CBM 184 Extra"]
[Source "ChessBase"]
[SourceDate "2018.06.28"]
[SourceVersion "1"]
[SourceVersionDate "2018.06.28"]
[SourceQuality "1"]

1. c4 d6 2. d4 Nf6 3. Nc3 e5 4. dxe5 dxe5 5. Qxd8+ Kxd8 6. e4 Bb4 7. Bg5 Bxc3+ 8. bxc3 Be6 9. Be2 Kc8 10. Bxf6 gxf6 11. Nf3 Nd7 12. 0-0 c6 13. Nd2 f5 14. f4 exf4 15. exf5 Bxf5 16. Rxf4 Be6 17. Ne4 Kc7 18. Ng5 Ne5 19. Nxe6+ fxe6 20. Re4 Ng6 21. Bg4 e5 22. Bf5 Rhe8 23. Bxg6 hxg6 24. Rf1 Re6 25. Rf7+ Kb6 26. c5+ Kxc5 27. Rxb7 a5 28. Kf2 Rd8 29. Ke3 Rd5 30. Rb8 Red6 31. Rb3 Rd3+ 32. Kf2 Rd2+ 33. Re2 Kc4 34. Ra3 Rf6+ 35. Ke1 Rd5 36. Re3 Rc5 37. Ke2 Rf5 38. Re4+ Kd5 39. Rea4 Rf4 40. Rxa5 Re4+ 41. Kd3 Rec4 42. Rxc5+ Rxc5 43. Ra4 Ke6 44. Rc4 Rd5+ 45. Ke4 Kd6 46. g4 Rd2 47. a4 Rxh2 48. Rb4 Rh4 49. Kd3 Rh3+ 50. Kc2 Kc5 51. a5 Rh7 52. Kb3 Re7 53. a6 Ra7 54. Ra4 Kd5 55. Kb4 e4 56. Ka5 e3 1-0

[Event "Brazil Foz do Iguacu op"]
[Site "Foz do Iguacu"]
[Date "2018.05.18"]
[Round "6"]
[White "De Almeida, Guilherme Pereira"]
[Black "Jodorcovsky, Paulo Leonardo"]
[Result "0-1"]
[WhiteElo "1875"]
[BlackElo "1708"]
[PlyCount "92"]
[EventDate "2018.05.16"]
[EventType "swiss"]
[EventRounds "9"]
[EventCountry "BRA"]
[SourceTitle "CBM 184 Extra"]
[Source "ChessBase"]
[SourceDate "2018.06.28"]
[SourceVersion "1"]
[SourceVersionDate "2018.06.28"]
[SourceQuality "1"]

1. e4 c5 2. c3 Nf6 3. d3 e6 4. Nf3 d5 5. Nbd2 Nc6 6. Be2 Be7 7. 0-0 0-0 8. Re1 b6 9. Bf1 Bb7 10. g3 Rc8 11. Bg2 a6 12. e5 Nd7 13. Qe2 b5 14. Nf1 Nb6 15. h4 d4 16. N1h2 Re8 17. h5 h6 18. Ng4 Bf8 19. Bxh6 Nd5 20. Bg5 Be7 21. Bd2 dxc3 22. bxc3 b4 23. c4 Nb6 24. h6 Rc7 25. hxg7 Rd7 26. Qe3 f5 27. Qh6 fxg4 28. Qxe6+ Kxg7 29. Qh6+ Kg8 30. Re4 Bf8 31. Rxg4+ Rg7 32. Ng5 Nxe5 33. Bxb7 Nxg4 34. Qc6 Ne5 35. Qg2 Qxd3 36. Bf4 Nexc4 37. Bc6 Re2 38. Bf3 Ree7 39. Rd1 Qc3 40. Bd5+ Nxd5 41. Qxd5+ Kh8 42. Ne6 Rd7 43. Qh1+ Rh7 44. Be5+ Qxe5 45. Qa8 Rxd1+ 46. Kg2 Qd5+ 0-1

[Event "Sao Paulo Carnaval op"]
[Site "Sao Paulo"]
[Date "2018.02.12"]
[Round "5"]
[White "Carneiro, Vitor Roberto Castr"]
[Black "De Almeida, Guilherme Pereira"]
[Result "1-0"]
[WhiteElo "2432"]
[BlackElo "1874"]
[PlyCount "78"]
[EventDate "2018.02.10"]
[EventType "swiss"]
[EventRounds "7"]
[EventCountry "BRA"]
[SourceTitle "CBM 183 Extra"]
[Source "ChessBase"]
[SourceDate "2018.04.19"]
[SourceVersion "1"]
[SourceVersionDate "2018.04.19"]
[SourceQuality "1"]

1. c4 e5 2. Nc3 c6 3. Nf3 d6 4. d4 Nd7 5. e4 Ngf6 6. Be2 Be7 7. 0-0 0-0 8. Re1 Re8 9. Bf1 exd4 10. Nxd4 Nc5 11. b3 Bf8 12. f3 Ne6 13. Be3 Qa5 14. Nde2 Bd7 15. Qd2 Qc7 16. Rad1 Rad8 17. g4 g6 18. Ng3 Ng7 19. Qd4 Be7 20. Qxa7 c5 21. Qa3 Bc6 22. Qc1 Nd7 23. Bg2 Ne5 24. Nd5 Bxd5 25. exd5 Ra8 26. a4 Qb6 27. Qc2 Qd8 28. h3 Bh4 29. Bf2 Qf6 30. Re3 Bg5 31. Ne4 Qf4 32. Rc3 Bd8 33. Bg3 Qh6 34. Nxd6 Ba5 35. Nxe8 Rxe8 36. f4 Bxc3 37. Qxc3 Nd7 38. Re1 Kf8 39. Rxe8+ Kxe8 1-0

[Event "Sao Paulo Carnaval op"]
[Site "Sao Paulo"]
[Date "2018.02.12"]
[Round "6"]
[White "De Almeida, Guilherme Pereira"]
[Black "Nobre, Jose Adalberto Barb"]
[Result "1-0"]
[WhiteElo "1874"]
[BlackElo "1650"]
[PlyCount "95"]
[EventDate "2018.02.10"]
[EventType "swiss"]
[EventRounds "7"]
[EventCountry "BRA"]
[SourceTitle "CBM 183 Extra"]
[Source "ChessBase"]
[SourceDate "2018.04.19"]
[SourceVersion "1"]
[SourceVersionDate "2018.04.19"]
[SourceQuality "1"]

1. e4 c5 2. c3 g6 3. Nf3 Bg7 4. Be2 Nc6 5. 0-0 Nf6 6. d3 0-0 7. Re1 d5 8. Nbd2 Bg4 9. Qc2 Rc8 10. h3 Bxf3 11. Nxf3 Qc7 12. Bf1 Ne5 13. Nxe5 Qxe5 14. f4 Qc7 15. e5 Nh5 16. Qf2 Bh8 17. g4 Ng7 18. Bg2 e6 19. Be3 b6 20. Rac1 Qd7 21. d4 c4 22. Bf3 b5 23. a3 a5 24. Bd2 Rb8 25. Qh2 Ne8 26. h4 Nc7 27. g5 Na6 28. Kf2 b4 29. axb4 axb4 30. Rh1 bxc3 31. Bxc3 Nb4 32. Bxb4 Rxb4 33. Kg3 Rfb8 34. Rc2 Qa7 35. h5 Rb3 36. hxg6 fxg6 37. Rf2 Qf7 38. Ra1 Bg7 39. Ra2 Bf8 40. Rf1 Bb4 41. Kg2 Rd3 42. Bg4 Ba5 43. Rxa5 Rxb2+ 44. Rf2 Rxf2+ 45. Kxf2 Qb7 46. Ra2 c3 47. Bxe6+ Kh8 48. Qh6 1-0

[Event "Sao Paulo Carnaval op"]
[Site "Sao Paulo"]
[Date "2018.02.11"]
[Round "4"]
[White "Achutti, Andre"]
[Black "De Almeida, Guilherme Pereira"]
[Result "1/2-1/2"]
[WhiteElo "2091"]
[BlackElo "1874"]
[PlyCount "81"]
[EventDate "2018.02.10"]
[EventType "swiss"]
[EventRounds "7"]
[EventCountry "BRA"]
[SourceTitle "CBM 183 Extra"]
[Source "ChessBase"]
[SourceDate "2018.04.19"]
[SourceVersion "1"]
[SourceVersionDate "2018.04.19"]
[SourceQuality "1"]

1. e4 d6 2. d4 Nf6 3. Nc3 e5 4. dxe5 dxe5 5. Bd3 c6 6. Nf3 Nbd7 7. Bg5 Qc7 8. Qd2 Be7 9. 0-0-0 Nc5 10. Nh4 Be6 11. Nf5 Bxf5 12. exf5 0-0-0 13. Qe2 Nxd3+ 14. Rxd3 Rxd3 15. Qxd3 Ng4 16. Bxe7 Qxe7 17. Qf3 Qg5+ 18. Kb1 Rd8 19. Ne4 Qf4 20. Qxf4 exf4 21. f3 Ne3 22. g3 fxg3 23. hxg3 Nxf5 24. Kc1 h6 25. Re1 Kc7 26. g4 Nd4 27. Nd2 Ne6 28. Nc4 Nd4 29. Re3 Nb5 30. Re7+ Rd7 31. Re3 Nd6 32. Nd2 f5 33. Nb3 fxg4 34. fxg4 Rf7 35. Re1 Nc4 36. Nd4 Kb6 37. b3 Nd6 38. Re6 Nb5 39. Nf5 h5 40. Rg6 hxg4 41. Nxg7 1/2-1/2

[Event "Sao Paulo Carnaval op"]
[Site "Sao Paulo"]
[Date "2018.02.10"]
[Round "2"]
[White "Marra, Eduardo da Costa"]
[Black "De Almeida, Guilherme Pereira"]
[Result "1-0"]
[WhiteElo "2148"]
[BlackElo "1874"]
[PlyCount "83"]
[EventDate "2018.02.10"]
[EventType "swiss"]
[EventRounds "7"]
[EventCountry "BRA"]
[SourceTitle "CBM 183 Extra"]
[Source "ChessBase"]
[SourceDate "2018.04.19"]
[SourceVersion "1"]
[SourceVersionDate "2018.04.19"]
[SourceQuality "1"]

1. Nf3 d6 2. d4 Nf6 3. Nc3 Nbd7 4. e4 e5 5. Bc4 Be7 6. 0-0 0-0 7. Re1 c6 8. a4 exd4 9. Nxd4 Ne5 10. Bf1 Qc7 11. f4 Ng6 12. Kh1 h5 13. h3 h4 14. Be3 Re8 15. Qf3 Qa5 16. Be2 Bd7 17. Nb3 Qc7 18. Qf2 b6 19. Bf3 Rab8 20. Nd4 a6 21. Qd2 Bd8 22. Rad1 Be7 23. Bf2 Nh7 24. Bh5 Nhf8 25. Nf3 Qd8 26. Nd4 Qc7 27. Be2 b5 28. axb5 axb5 29. Nf5 Bxf5 30. exf5 Nh8 31. Ne4 d5 32. Nc5 Ra8 33. Bd4 Bd6 34. f6 Bxf4 35. fxg7 Nhg6 36. gxf8Q+ Rxf8 37. Qc3 Ne7 38. Qf3 Qd6 39. Bd3 Ng6 40. Qh5 Rfe8 41. Bxg6 fxg6 42. Qh8+ 1-0

[Event "Hebraica op 25th"]
[Site "Hebraica"]
[Date "2018.01.14"]
[Round "5"]
[White "De Almeida, Guilherme Pereira"]
[Black "D'Israel, Davy Maurice"]
[Result "0-1"]
[WhiteElo "1863"]
[BlackElo "2156"]
[PlyCount "157"]
[EventDate "2018.01.12"]
[EventType "swiss"]
[EventRounds "6"]
[EventCountry "BRA"]
[SourceTitle "CBM 182 Extra"]
[Source "ChessBase"]
[SourceDate "2018.02.23"]
[SourceVersion "1"]
[SourceVersionDate "2018.02.23"]
[SourceQuality "1"]

1. e4 c5 2. c3 Nf6 3. d3 Nc6 4. Nf3 g6 5. Be2 Bg7 6. 0-0 Qc7 7. Re1 d5 8. exd5 Nxd5 9. Nbd2 0-0 10. Ne4 b6 11. Qb3 Nf4 12. Bxf4 Qxf4 13. Qa4 Qc7 14. Rad1 Bb7 15. Bf1 Rad8 16. Ng3 Ne5 17. Nxe5 Bxe5 18. Qh4 Bf6 19. Qg4 Kh8 20. Ne4 Bc8 21. Qf3 Bg7 22. Qe3 e5 23. c4 f5 24. Nc3 Bb7 25. Qg3 Rf7 26. Qh4 Bf6 27. Qh6 Rfd7 28. h4 Bg7 29. Qg5 Rf8 30. h5 Bf6 31. Qh6 Bg7 32. Qg5 gxh5 33. Qxh5 Qd8 34. Re3 Rd6 35. Qe2 Rh6 36. Rg3 Qf6 37. Re1 Rg8 38. Nd5 Bxd5 39. cxd5 Qh4 40. Rh3 Qf4 41. Rxh6 Qxh6 42. Qf3 Qg6 43. d6 Qe6 44. g3 Bf8 45. Bh3 Rg5 46. Qe3 Rh5 47. Qxe5+ Qxe5 48. Rxe5 Bxd6 49. Re8+ Kg7 50. Bg2 f4 51. Bc6 fxg3 52. fxg3 Re5 53. Bd7 Rd5 54. Rg8+ Kf7 55. Bb5 Rd4 56. Rh8 Rb4 57. Bc4+ Kg7 58. Rg8+ Kf6 59. b3 b5 60. Bd5 Rd4 61. Be4 c4 62. bxc4 bxc4 63. Bxh7 cxd3 64. Ra8 d2 65. Bc2 Rc4 66. Bb3 Rc3 67. Bd1 Rxg3+ 68. Kf2 Ra3 69. Ke2 Rxa2 70. Rh8 Rb2 71. Rh5 Be5 72. Kd3 a5 73. Bc2 Rb5 74. Rf5+ Kxf5 75. Kc4+ Kf4 76. Kxb5 Bc7 77. Kc4 Ke3 78. Bd1 Bd8 79. Kc3 0-1